[Event "M7 Gruppe 2 "]
[Site "Koge"]
[Date "2005.03.22"]
[Round "1"]
[White "Preuss, Flemming"]
[Black "Nilsson, Lars Kjoller"]
[Result "1/2-1/2"]
[WhiteElo "2022"]
[BlackElo "2033"]
[PlyCount "118"]
[EventDate "2005.03.22"]
[EventType "tourn"]
[EventRounds "7"]
[EventCountry "DEN"]

1. e4 c5 2. Nf3 d6 3. d4 cxd4 4. Qxd4 Nc6 5. Bb5 Bd7 6. Bxc6 Bxc6 7. Nc3 Nf6 8.
Bg5 Qb6 9. Bxf6 gxf6 10. Qxb6 axb6 11. O-O-O Rg8 12. g3 f5 13. Rhe1 e6 14. Nd4
fxe4 15. Nxe4 Bxe4 16. Rxe4 Rxa2 17. Kb1 Ra4 18. b3 Ra5 19. c4 d5 20. Re2 dxc4
21. bxc4 Bg7 22. Rb2 Ra6 23. Rbd2 Ke7 24. Nb3 Ra3 25. Rd7+ Kf6 26. R1d3 Rga8
27. Rxb7 R8a6 28. Nc1 Rxd3 29. Nxd3 Ra4 30. Rc7 Kg6 31. Nf4+ Kf6 32. Kb2 Rb4+
33. Kc2 Bf8 34. Rc6 Kf5 35. Nd3 Ra4 36. Kd2 Be7 37. Ke3 Bg5+ 38. f4 Bf6 39. Kf3
Ra3 40. g4+ Kg6 41. Ke4 Ra4 42. g5 Bc3 43. h4 b5 44. f5+ Kh5 45. fxe6 fxe6 46.
Rxe6 Kxh4 47. Kf5 bxc4 48. Nc5 Ra5 49. Re4+ Kh5 50. Rxc4 Bd4 51. Rxd4 Rxc5+ 52.
Kf4 Rxg5 53. Rd1 Rg4+ 54. Kf3 Rg5 55. Rh1+ Kg6 56. Ra1 Rb5 57. Kg4 h5+ 58. Kh4
Rb4+ 59. Kh3 Rb3+ 1/2-1/2

[Event "M7 Gruppe 2 "]
[Site "Koge"]
[Date "2005.03.22"]
[Round "1"]
[White "Christensen, Bent"]
[Black "Hansen, Lars Henrik Bech"]
[Result "1-0"]
[WhiteElo "2033"]
[BlackElo "2051"]
[PlyCount "71"]
[EventDate "2005.03.22"]
[EventType "tourn"]
[EventRounds "7"]
[EventCountry "DEN"]

1. d4 g6 2. e4 d6 3. Nf3 Bg7 4. Be2 Nf6 5. Nc3 c5 6. O-O cxd4 7. Nxd4 O-O 8.
Be3 Nc6 9. Qd2 Bd7 10. Nb3 a5 11. a4 Nb4 12. f3 Bc6 13. Nd4 e5 14. Ndb5 d5 15.
exd5 Nfxd5 16. Nxd5 Nxd5 17. Bc5 Nf4 18. Qxd8 Nxe2+ 19. Kf2 Rfxd8 20. Kxe2 Rd5
21. Ba3 Rxb5 22. axb5 Bxb5+ 23. Kf2 Bxf1 24. Rxf1 Rd8 25. Ke2 Bh6 26. Rd1 Rxd1
27. Kxd1 Bf8 28. Kd2 Bxa3 29. bxa3 b5 30. Kd3 Kf8 31. Ke4 Ke7 32. Kxe5 b4 33.
axb4 a4 34. Kd4 Kd6 35. c4 f5 36. c5+ 1-0

[Event "M7 Gruppe 2 "]
[Site "Koge"]
[Date "2005.03.22"]
[Round "1"]
[White "Nielsen, Borge Hjerrild"]
[Black "Rasmussen, Bo"]
[Result "1/2-1/2"]
[WhiteElo "1994"]
[BlackElo "2037"]
[PlyCount "70"]
[EventDate "2005.03.22"]
[EventType "tourn"]
[EventRounds "7"]
[EventCountry "DEN"]

1. d4 d5 2. c4 e6 3. Nc3 Nf6 4. Bg5 Nbd7 5. e3 c6 6. cxd5 exd5 7. Bd3 Be7 8.
Nf3 O-O 9. O-O Re8 10. Qc2 Nf8 11. Rab1 Ng6 12. Bf5 Bxf5 13. Qxf5 h6 14. Bxf6
Bxf6 15. b4 a6 16. a4 Ne7 17. Qd3 Qc7 18. Rfc1 Rec8 19. Qd1 Qd7 20. Qb3 Qd6 21.
Ne1 Nf5 22. Nd3 Qe7 23. Re1 Re8 24. Qd1 Nd6 25. Nc5 Qc7 26. Qc2 g6 27. Qb3 Nc4
28. Rbd1 Nd6 29. Rc1 Rad8 30. b5 axb5 31. axb5 Ra8 32. bxc6 bxc6 33. Ra1 Rxa1
34. Rxa1 Rb8 35. Qa2 Qc8 1/2-1/2

[Event "M7 Gruppe 2 "]
[Site "Koge"]
[Date "2005.03.22"]
[Round "1"]
[White "Andersen, Rune"]
[Black "Jensen, Leif"]
[Result "0-1"]
[WhiteElo "2067"]
[BlackElo "2036"]
[PlyCount "152"]
[EventDate "2005.03.22"]
[EventType "tourn"]
[EventRounds "7"]
[EventCountry "DEN"]

1. d4 d5 2. c4 c6 3. Nf3 Nf6 4. Nc3 e6 5. Bg5 Nbd7 6. e3 Qa5 7. Nd2 Ne4 8.
Ndxe4 dxe4 9. Bh4 Bb4 10. Qc2 f5 11. Be2 O-O 12. O-O Bxc3 13. bxc3 e5 14. c5
exd4 15. cxd4 Nf6 16. f3 exf3 17. gxf3 Qc7 18. Bd3 Nd5 19. Bg3 Qe7 20. Rae1 Qg5
21. f4 Qf6 22. Kh1 Kh8 23. a3 Be6 24. e4 fxe4 25. Rxe4 Bf5 26. Re5 Bxd3 27.
Qxd3 Rae8 28. f5 Rxe5 29. Bxe5 Qf7 30. Qg3 Nf6 31. h4 h5 32. Qg5 Qd5+ 33. Kg1
Qe4 34. Rf2 Qg4+ 35. Rg2 Qxg5 36. hxg5 Ng4 37. f6 gxf6 38. gxf6 Kh7 39. Rg3
Nxf6 40. Rb3 Rg8+ 41. Kf1 Kg6 42. Rxb7 Ng4 43. Bg3 Rg7 44. Rb8 Kf5 45. Rh8 Ke4
46. Rxh5 Kxd4 47. Ke2 Re7+ 48. Kd2 Nf6 49. Bf2+ Kc4 50. Rh4+ Ne4+ 51. Ke3 Kd5
52. Rh5+ Re5 53. Rxe5+ Kxe5 54. Bg1 Nxc5 55. Kd2 Kd5 56. Kc2 Kc4 57. Be3 a6 58.
Bh6 a5 59. Bf8 Ne6 60. Be7 a4 61. Bd6 Nd4+ 62. Kb2 Kd3 63. Bc5 Nb3 64. Be7 Nd2
65. Kc1 c5 66. Kb2 c4 67. Bg5 Ne4 68. Bh6 Nd6 69. Bg7 c3+ 70. Kc1 Nc4 71. Bf8
Nd2 72. Bh6 Nb3+ 73. Kb1 Kc4 74. Bg7 Nd4 75. Kc1 Nb5 76. Bf8 Kb3 0-1

[Event "M7 Gruppe 2 "]
[Site "Koge"]
[Date "2005.03.23"]
[Round "2"]
[White "Nilsson, Lars Kjoller"]
[Black "Jensen, Leif"]
[Result "1/2-1/2"]
[WhiteElo "2033"]
[BlackElo "2036"]
[PlyCount "51"]
[EventDate "2005.03.22"]
[EventType "tourn"]
[EventRounds "7"]
[EventCountry "DEN"]

1. e4 e6 2. d4 d5 3. e5 c5 4. c3 Bd7 5. Nf3 Qb6 6. Be2 Bb5 7. O-O Nc6 8. Bxb5
Qxb5 9. Na3 Qb6 10. Nc2 Rc8 11. Qe2 a6 12. Rb1 cxd4 13. cxd4 Nge7 14. b4 Ng6
15. Be3 Qb5 16. Qxb5 axb5 17. Rfc1 Ra8 18. a3 f6 19. Rb3 Kd7 20. Rc3 Be7 21.
Nce1 Ra4 22. R1c2 Rc8 23. Nd3 Na7 24. Rc1 Ra6 25. h4 h5 26. g3 1/2-1/2

[Event "M7 Gruppe 2 "]
[Site "Koge"]
[Date "2005.03.23"]
[Round "2"]
[White "Rasmussen, Bo"]
[Black "Andersen, Rune"]
[Result "1/2-1/2"]
[WhiteElo "2037"]
[BlackElo "2067"]
[PlyCount "61"]
[EventDate "2005.03.22"]
[EventType "tourn"]
[EventRounds "7"]
[EventCountry "DEN"]

1. d4 d5 2. Nf3 Nf6 3. Bf4 c6 4. e3 Qb6 5. Qc1 Bf5 6. c4 dxc4 7. Bxc4 e6 8. O-O
Be7 9. Nbd2 Nbd7 10. h3 c5 11. Bb3 O-O 12. Nc4 Qa6 13. Nce5 Nxe5 14. Bxe5 Bd3
15. Rd1 Nd7 16. Bg3 cxd4 17. Nxd4 Nc5 18. Bc2 Rac8 19. Bxd3 Nxd3 20. Qb1 Nb4
21. a3 Nd5 22. Qd3 Qb6 23. Qe2 Bf6 24. Rab1 Rc5 25. Qg4 Rc4 26. Bh4 Bxh4 27.
Qxh4 e5 28. Qe4 Nxe3 29. fxe3 exd4 30. Rxd4 Rc6 31. Qd3 1/2-1/2

[Event "M7 Gruppe 2 "]
[Site "Koge"]
[Date "2005.03.23"]
[Round "2"]
[White "Hansen, Lars Henrik Bech"]
[Black "Nielsen, Borge Hjerrild"]
[Result "0-1"]
[WhiteElo "2051"]
[BlackElo "1994"]
[PlyCount "59"]
[EventDate "2005.03.22"]
[EventType "tourn"]
[EventRounds "7"]
[EventCountry "DEN"]

1. e4 c6 2. d4 d5 3. exd5 cxd5 4. Bd3 Nc6 5. c3 g6 6. Bf4 Nh6 7. Nf3 Bg7 8. O-O
O-O 9. Na3 Kh8 10. Nc2 f6 11. h4 Nf7 12. Ne3 e5 13. dxe5 fxe5 14. Bg5 Nxg5 15.
Nxg5 e4 16. Bc2 h6 17. Nxd5 hxg5 18. Bxe4 Bf5 19. Bxf5 Rxf5 20. Ne3 Qxd1 21.
Rfxd1 Rb5 22. Nc4 gxh4 23. Rab1 Ne5 24. Nd6 Rb6 25. f4 Ng4 26. Nf7+ Kg8 27. Rd7
Bxc3 28. Rc1 Bxb2 29. Rcc7 Be5 30. Rc1 0-1

[Event "M7 Gruppe 2 "]
[Site "Koge"]
[Date "2005.03.23"]
[Round "2"]
[White "Preuss, Flemming"]
[Black "Christensen, Bent"]
[Result "1-0"]
[WhiteElo "2022"]
[BlackElo "2033"]
[PlyCount "101"]
[EventDate "2005.03.22"]
[EventType "tourn"]
[EventRounds "7"]
[EventCountry "DEN"]

1. e4 e5 2. Nf3 Nc6 3. d4 exd4 4. c3 dxc3 5. Nxc3 d6 6. Bc4 Be7 7. Qb3 Na5 8.
Bxf7+ Kf8 9. Qa4 Kxf7 10. Qxa5 Nf6 11. e5 dxe5 12. Nxe5+ Kf8 13. Bf4 Qd4 14.
Be3 Qb4 15. Qxb4 Bxb4 16. O-O Ng4 17. Rad1 Be6 18. Nxg4 Bxg4 19. Rd4 Bxc3 20.
Rxg4 Be5 21. Rd1 Bd6 22. Bd4 Rg8 23. Rd3 Re8 24. Rf3+ Ke7 25. Rxg7+ Rxg7 26.
Bxg7 Rg8 27. Bc3 h5 28. Rf5 h4 29. h3 Ke6 30. Rh5 Be7 31. Rh6+ Kd5 32. Rh7 Bd8
33. Kf1 Re8 34. g4 hxg3 35. fxg3 Ke4 36. Ke2 Rg8 37. Rh8 Rxh8 38. Bxh8 c5 39.
h4 b5 40. h5 Kf5 41. Kf3 Kg5 42. g4 a5 43. Be5 Be7 44. Bf4+ Kf6 45. Ke4 c4 46.
g5+ Kf7 47. Kf5 a4 48. g6+ Kg8 49. h6 Bf8 50. a3 Kh8 51. Be5+ 1-0

[Event "M7 Gruppe 2 "]
[Site "Koge"]
[Date "2005.03.24"]
[Round "3"]
[White "Christensen, Bent"]
[Black "Nilsson, Lars Kjoller"]
[Result "0-1"]
[WhiteElo "2033"]
[BlackElo "2033"]
[PlyCount "54"]
[EventDate "2005.03.22"]
[EventType "tourn"]
[EventRounds "7"]
[EventCountry "DEN"]

1. d4 Nf6 2. c4 Nc6 3. Nf3 e6 4. Nc3 Bb4 5. e3 Bxc3+ 6. bxc3 d6 7. Bd3 O-O 8.
O-O e5 9. Nd2 Nd7 10. Ba3 Ne7 11. Qc2 g6 12. f4 f5 13. fxe5 dxe5 14. e4 f4 15.
Nf3 c5 16. dxe5 Qc7 17. e6 Ne5 18. Nxe5 Qxe5 19. Rf2 Bxe6 20. Raf1 g5 21. Bc1
Ng6 22. Qe2 Kg7 23. Qc2 Rf6 24. Qe2 h5 25. Qxh5 Rh8 26. Qe2 Rxh2 27. g3 f3 0-1

[Event "M7 Gruppe 2 "]
[Site "Koge"]
[Date "2005.03.24"]
[Round "3"]
[White "Nielsen, Borge Hjerrild"]
[Black "Preuss, Flemming"]
[Result "1/2-1/2"]
[WhiteElo "1994"]
[BlackElo "2022"]
[PlyCount "50"]
[EventDate "2005.03.22"]
[EventType "tourn"]
[EventRounds "7"]
[EventCountry "DEN"]

1. d4 d5 2. Nf3 Nf6 3. c4 e6 4. Nc3 c6 5. cxd5 exd5 6. Bg5 Nbd7 7. e3 Be7 8.
Bd3 O-O 9. O-O Re8 10. Qc2 Nf8 11. Bxf6 Bxf6 12. b4 Bg4 13. Be2 a6 14. a4 Qd6
15. Qb3 Nd7 16. b5 axb5 17. axb5 Be6 18. bxc6 bxc6 19. Rxa8 Rxa8 20. Na4 c5 21.
Nxc5 Nxc5 22. dxc5 Qxc5 23. Qb5 Qc2 24. Qd3 Qb2 25. Rb1 Ra1 1/2-1/2

[Event "M7 Gruppe 2 "]
[Site "Koge"]
[Date "2005.03.24"]
[Round "3"]
[White "Andersen, Rune"]
[Black "Hansen, Lars Henrik Bech"]
[Result "1/2-1/2"]
[WhiteElo "2067"]
[BlackElo "2051"]
[PlyCount "126"]
[EventDate "2005.03.22"]
[EventType "tourn"]
[EventRounds "7"]
[EventCountry "DEN"]

1. d4 g6 2. e4 d6 3. c4 Nf6 4. Nc3 Bg7 5. Nge2 O-O 6. Ng3 e5 7. d5 c6 8. Be2
cxd5 9. cxd5 Nbd7 10. h4 h5 11. Bg5 Qb6 12. Qd2 a6 13. Bh6 Qd4 14. Bxg7 Qxd2+
15. Kxd2 Kxg7 16. Rac1 Ne8 17. Rc2 Nb6 18. a4 Bd7 19. b3 Nf6 20. a5 Nc8 21. Ra1
Ne7 22. b4 Rfc8 23. f3 Ne8 24. Nf1 f5 25. Ne3 fxe4 26. fxe4 Rc7 27. Nc4 Nc8 28.
Rca2 Nf6 29. Bd3 Be8 30. Rc1 Rf7 31. Nd1 Bb5 32. Nde3 Nxe4+ 33. Ke1 Rf4 34.
Rac2 Rxh4 35. Ke2 Rf4 36. Ke1 Rb8 37. Nxe5 dxe5 38. Bxb5 Ned6 39. Rc7+ Kh6 40.
Bd7 Na7 41. Nc4 Ndb5 42. Bxb5 Nxb5 43. Rc5 Rbf8 44. d6 Rf1+ 45. Kd2 R1f2+ 46.
Ke3 Rxg2 47. d7 Rg3+ 48. Ke4 Rg4+ 49. Kd5 Rd4+ 50. Ke6 Kg7 51. Nxe5 Rd6+ 52.
Ke7 Rff6 53. Rxb5 Rfe6+ 54. Kd8 axb5 55. Rc5 Kf8 56. Rxb5 h4 57. Kc8 h3 58.
d8=Q+ Rxd8+ 59. Kxd8 h2 60. Nxg6+ Rxg6 61. Rh5 Rg4 62. Rh3 Rxb4 63. Kc7 Rb5
1/2-1/2

[Event "M7 Gruppe 2 "]
[Site "Koge"]
[Date "2005.03.24"]
[Round "3"]
[White "Jensen, Leif"]
[Black "Rasmussen, Bo"]
[Result "1/2-1/2"]
[WhiteElo "2036"]
[BlackElo "2037"]
[PlyCount "86"]
[EventDate "2005.03.22"]
[EventType "tourn"]
[EventRounds "7"]
[EventCountry "DEN"]

1. e4 c5 2. f4 Nf6 3. d3 d5 4. e5 Bg4 5. Be2 Bxe2 6. Qxe2 Ng8 7. c3 e6 8. Nf3
Nc6 9. O-O Nge7 10. Be3 Nf5 11. g4 Nxe3 12. Qxe3 h5 13. g5 g6 14. Nbd2 Rc8 15.
Rfc1 Be7 16. Kg2 O-O 17. c4 Qd7 18. cxd5 Qxd5 19. Ne4 b6 20. Nc3 Qd7 21. a3
Rfd8 22. Rd1 Nd4 23. Qe4 Nf5 24. Kf2 Rc7 25. Rd2 Qc8 26. Rad1 Rcd7 27. Ne2 Qa6
28. Ng3 Nd4 29. Nxd4 Rxd4 30. Qe3 R4d7 31. Ne4 Kf8 32. Kg3 Rd4 33. Qe2 Qb7 34.
Nc3 Qd7 35. Ne4 Kg7 36. Qe3 Qc8 37. Nc3 Qc6 38. Qf3 Qe8 39. Qe3 a6 40. Ne2 R4d5
41. Nc3 Rd4 42. Ne2 R4d5 43. Nc3 Rd4 1/2-1/2

[Event "M7 Gruppe 2 "]
[Site "Koge"]
[Date "2005.03.25"]
[Round "4"]
[White "Nilsson, Lars Kjoller"]
[Black "Rasmussen, Bo"]
[Result "1/2-1/2"]
[WhiteElo "2033"]
[BlackElo "2037"]
[PlyCount "51"]
[EventDate "2005.03.22"]
[EventType "tourn"]
[EventRounds "7"]
[EventCountry "DEN"]

1. e4 c5 2. b3 Nc6 3. Bb5 Nf6 4. Bxc6 bxc6 5. e5 Nd5 6. Nf3 Ba6 7. d3 g6 8. O-O
Bg7 9. c4 Nc7 10. Bb2 O-O 11. Nc3 d6 12. Ne4 Ne6 13. Qd2 f6 14. exd6 exd6 15.
Rfe1 Bc8 16. Rad1 f5 17. Nc3 Nd4 18. Nxd4 Bxd4 19. Ne2 Bxb2 20. Qxb2 Qf6 21.
Qxf6 Rxf6 22. f4 Bd7 23. Nc3 Re8 24. Rxe8+ Bxe8 25. Re1 Kf7 26. Kf2 1/2-1/2

[Event "M7 Gruppe 2 "]
[Site "Koge"]
[Date "2005.03.25"]
[Round "4"]
[White "Preuss, Flemming"]
[Black "Andersen, Rune"]
[Result "0-1"]
[WhiteElo "2022"]
[BlackElo "2067"]
[PlyCount "66"]
[EventDate "2005.03.22"]
[EventType "tourn"]
[EventRounds "7"]
[EventCountry "DEN"]

1. f4 e5 2. fxe5 Nc6 3. Nf3 g5 4. d4 g4 5. Ng1 d6 6. Bf4 dxe5 7. dxe5 Bf5 8.
Nc3 Bb4 9. e3 h5 10. Bd3 Qd7 11. Nge2 O-O-O 12. e4 Be6 13. Bg5 Nge7 14. Bf6 Rh7
15. a3 Bc5 16. Qd2 Rg8 17. b4 Bb6 18. Nf4 Bd4 19. Bb5 Bxe5 20. Bxe5 Qxd2+ 21.
Kxd2 Nxe5 22. Rad1 Bc4 23. Ke3 Bxb5 24. Nxb5 a6 25. Nd5 Nxd5+ 26. Rxd5 Nc4+ 27.
Kd4 axb5 28. Rxb5 c6 29. Rf5 Nxa3 30. Rhf1 Nxc2+ 31. Kc5 Ne3 32. Rxf7 Rxf7 33.
Rxf7 Rg5+ 0-1

[Event "M7 Gruppe 2 "]
[Site "Koge"]
[Date "2005.03.25"]
[Round "4"]
[White "Christensen, Bent"]
[Black "Nielsen, Borge Hjerrild"]
[Result "1/2-1/2"]
[WhiteElo "2033"]
[BlackElo "1994"]
[PlyCount "40"]
[EventDate "2005.03.22"]
[EventType "tourn"]
[EventRounds "7"]
[EventCountry "DEN"]

1. d4 d5 2. c4 e6 3. Nf3 Nf6 4. Nc3 Be7 5. Bg5 O-O 6. e3 Nbd7 7. Bd3 dxc4 8.
Bxc4 c5 9. O-O a6 10. a4 cxd4 11. exd4 Nb6 12. Ba2 Bd7 13. Ne5 Bc6 14. Nxc6
bxc6 15. Rc1 Nbd5 16. Bb1 Nb4 17. Qd2 Rb8 18. Rfd1 Nfd5 19. Bxe7 Qxe7 20. Nxd5
exd5 1/2-1/2

[Event "M7 Gruppe 2 "]
[Site "Koge"]
[Date "2005.03.26"]
[Round "5"]
[White "Nielsen, Borge Hjerrild"]
[Black "Nilsson, Lars Kjoller"]
[Result "1/2-1/2"]
[WhiteElo "1994"]
[BlackElo "2033"]
[PlyCount "38"]
[EventDate "2005.03.22"]
[EventType "tourn"]
[EventRounds "7"]
[EventCountry "DEN"]

1. d4 Nf6 2. c4 Nc6 3. Nf3 e6 4. Nc3 Bb4 5. Qc2 O-O 6. Bd2 d6 7. a3 Bxc3 8.
Bxc3 Nd7 9. e3 e5 10. Be2 f5 11. dxe5 Ndxe5 12. O-O f4 13. exf4 Rxf4 14. Nxe5
Nxe5 15. Bxe5 dxe5 16. Bd3 h6 17. Be4 c6 18. Rfe1 Qg5 19. Re3 Be6 1/2-1/2

[Event "M7 Gruppe 2 "]
[Site "Koge"]
[Date "2005.03.26"]
[Round "5"]
[White "Andersen, Rune"]
[Black "Christensen, Bent"]
[Result "0-1"]
[WhiteElo "2067"]
[BlackElo "2033"]
[PlyCount "62"]
[EventDate "2005.03.22"]
[EventType "tourn"]
[EventRounds "7"]
[EventCountry "DEN"]

1. d4 d5 2. c4 e6 3. Nc3 Nf6 4. Nf3 Be7 5. Bf4 O-O 6. e3 c5 7. dxc5 Bxc5 8. Qc2
Nc6 9. a3 Qa5 10. O-O-O Be7 11. g4 dxc4 12. Bxc4 e5 13. Bg3 Bxg4 14. Be2 b5 15.
Nd5 Rac8 16. Kb1 Nxd5 17. Rxd5 Nd4 18. Nxd4 Rxc2 19. Kxc2 Bxe2 20. Nxe2 f6 21.
Nc3 Rc8 22. Rhd1 Qa4+ 23. Kd2 Qc4 24. Rd3 Qb3 25. Nd5 Qxb2+ 26. Ke1 Bxa3 27. h4
Rc1 28. h5 Rxd1+ 29. Rxd1 h6 30. f3 a5 31. e4 Qg2 0-1

[Event "M7 Gruppe 2 "]
[Site "Koge"]
[Date "2005.03.26"]
[Round "5"]
[White "Jensen, Leif"]
[Black "Preuss, Flemming"]
[Result "1-0"]
[WhiteElo "2036"]
[BlackElo "2022"]
[PlyCount "123"]
[EventDate "2005.03.22"]
[EventType "tourn"]
[EventRounds "7"]
[EventCountry "DEN"]

1. e4 c5 2. f4 d5 3. e5 Nc6 4. Nf3 d4 5. d3 e6 6. Nbd2 Nge7 7. Ne4 Nf5 8. g4
Nh4 9. Bd2 h5 10. h3 Nxf3+ 11. Qxf3 Qh4+ 12. Nf2 f6 13. exf6 gxf6 14. O-O-O Bd7
15. Ne4 f5 16. gxf5 O-O-O 17. Ng5 Bh6 18. Be1 Ne5 19. Bxh4 Nxf3 20. Nxf3 Bxf4+
21. Kb1 Bc6 22. Be2 Rdg8 23. Rhg1 exf5 24. Bf6 Rxg1 25. Rxg1 Re8 26. Bd1 Re3
27. Rf1 Bg3 28. Bg5 f4 29. Kc1 Kd7 30. Kd2 Ke6 31. h4 Kf5 32. b4 b6 33. bxc5
bxc5 34. Bh6 Bd5 35. a3 Kg4 36. Nxd4+ Kh3 37. Nf5 Re5 38. Nxg3 fxg3 39. Re1 g2
40. Be3 c4 41. dxc4 Bxc4 42. Bg1 Rd5+ 43. Kc3 Bf1 44. Re3+ Kxh4 45. Bf3 Rb5 46.
Kd2 Kg5 47. Rb3 Re5 48. Re3 Rb5 49. Bxg2 Bxg2 50. Rg3+ Kf4 51. Rxg2 Ra5 52.
Bh2+ Ke4 53. Rg3 h4 54. Rh3 Rh5 55. Re3+ Kd5 56. Rh3 Ke4 57. Bg1 Kf4 58. Bf2
Ra5 59. Be1 Rd5+ 60. Rd3 Rxd3+ 61. Kxd3 h3 62. Ba5 1-0

[Event "M7 Gruppe 2 "]
[Site "Koge"]
[Date "2005.03.26"]
[Round "5"]
[White "Rasmussen, Bo"]
[Black "Hansen, Lars Henrik Bech"]
[Result "1-0"]
[WhiteElo "2037"]
[BlackElo "2051"]
[PlyCount "67"]
[EventDate "2005.03.22"]
[EventType "tourn"]
[EventRounds "7"]
[EventCountry "DEN"]

1. d4 g6 2. c4 Nf6 3. Nc3 Bg7 4. e4 d6 5. Be2 O-O 6. Bg5 c5 7. d5 b5 8. cxb5 a6
9. bxa6 Bxa6 10. Nf3 Qb6 11. Qc2 Nbd7 12. O-O Rfb8 13. Bxa6 Rxa6 14. Rab1 Qa7
15. a4 h6 16. Bd2 Nb6 17. Nb5 Qd7 18. b3 c4 19. a5 cxb3 20. Rxb3 Nbxd5 21. Rfb1
Rc8 22. Qd3 Nf4 23. Bxf4 Rxa5 24. e5 Nh5 25. Bd2 Ra2 26. exd6 exd6 27. Qxd6 Qg4
28. Rb4 Qf5 29. Nbd4 Qd3 30. R4b3 Qe4 31. Qd7 Rc5 32. Rb8+ Kh7 33. Qxf7 Nf6 34.
Ne6 1-0

[Event "M7 Gruppe 2 "]
[Site "Koge"]
[Date "2005.03.27"]
[Round "6"]
[White "Nilsson, Lars Kjoller"]
[Black "Hansen, Lars Henrik Bech"]
[Result "0-1"]
[WhiteElo "2033"]
[BlackElo "2051"]
[PlyCount "138"]
[EventDate "2005.03.22"]
[EventType "tourn"]
[EventRounds "7"]
[EventCountry "DEN"]

1. e4 d6 2. d4 Nf6 3. Nc3 g6 4. g3 Bg7 5. Bg2 O-O 6. Nge2 e5 7. h3 Nc6 8. Be3
Bd7 9. d5 Ne7 10. Qd2 c5 11. dxc6 Bxc6 12. Rd1 Ne8 13. O-O b5 14. Bc5 Nc8 15.
Be3 Ne7 16. g4 Kh8 17. Ng3 Qc7 18. Qd3 Qb7 19. g5 Rd8 20. Nd5 Nxd5 21. exd5 Bd7
22. c3 f5 23. gxf6 Nxf6 24. f4 Rc8 25. fxe5 dxe5 26. Rf2 Qa6 27. b3 Qd6 28. c4
bxc4 29. bxc4 e4 30. Nxe4 Nxe4 31. Rxf8+ Rxf8 32. Qxe4 Bf5 33. Qf4 Qxf4 34.
Bxf4 Bxh3 35. Bd6 Rd8 36. Be7 Bg4 37. Re1 Rc8 38. Re4 Bf5 39. Rf4 Be5 40. Rh4
Bg3 41. Bf6+ Kg8 42. Rd4 Kf7 43. Bg5 Be5 44. Rd2 Rxc4 45. d6 Rd4 46. Bd5+ Ke8
47. Rxd4 Bxd4+ 48. Kg2 Kd7 49. Bg8 h5 50. Kg3 Be5+ 51. Kh4 Bxd6 52. Be3 Be7+
53. Kg3 a5 54. Bb3 h4+ 55. Kg2 g5 56. Ba4+ Ke6 57. Bd2 h3+ 58. Kh1 Be4+ 59. Kh2
g4 60. Bb5 Kf5 61. Be1 Bd6+ 62. Bg3 Bxg3+ 63. Kxg3 Bf3 64. Be8 Ke4 65. Bf7 Ke3
66. Be6 Ke2 67. Bc4+ Ke1 68. Kh2 Kf2 69. Be6 g3+ 0-1

[Event "M7 Gruppe 2 "]
[Site "Koge"]
[Date "2005.03.27"]
[Round "6"]
[White "Preuss, Flemming"]
[Black "Rasmussen, Bo"]
[Result "1/2-1/2"]
[WhiteElo "2022"]
[BlackElo "2037"]
[PlyCount "97"]
[EventDate "2005.03.22"]
[EventType "tourn"]
[EventRounds "7"]
[EventCountry "DEN"]

1. e4 c5 2. Nf3 e6 3. Qe2 Nc6 4. c3 d5 5. exd5 Qxd5 6. g3 Nf6 7. Bg2 Be7 8. O-O
O-O 9. d4 cxd4 10. Rd1 Rd8 11. Nxd4 Nxd4 12. cxd4 Qa5 13. Nc3 Bb4 14. Ne4 Nd5
15. a3 Be7 16. Bd2 Qb6 17. Nc3 Bf6 18. Bxd5 exd5 19. Nxd5 Qxb2 20. Nxf6+ gxf6
21. Qf3 Qxd4 22. Bc3 Bg4 23. Rxd4 Bxf3 24. Rf4 Rd3 25. Bxf6 Rc8 26. a4 Kf8 27.
Re1 Rc7 28. Rf5 Rd1 29. Rfe5 Rxe1+ 30. Rxe1 b6 31. Be5 Rc4 32. Ra1 a5 33. Kf1
Ke7 34. Bf4 Kd7 35. Ke1 Rb4 36. Be3 Kc7 37. Kd2 Bc6 38. Kc1 Bxa4 39. Ra3 Bb3
40. Kb2 a4 41. Ra1 b5 42. Bc5 Rc4 43. Rc1 Rxc1 44. Kxc1 Kc6 45. Bb4 Kd5 46. Kb2
Kc4 47. Ka3 h5 48. h4 f5 49. Bd6 1/2-1/2

[Event "M7 Gruppe 2 "]
[Site "Koge"]
[Date "2005.03.27"]
[Round "6"]
[White "Christensen, Bent"]
[Black "Jensen, Leif"]
[Result "1/2-1/2"]
[WhiteElo "2033"]
[BlackElo "2036"]
[PlyCount "61"]
[EventDate "2005.03.22"]
[EventType "tourn"]
[EventRounds "7"]
[EventCountry "DEN"]

1. d4 d5 2. c4 c6 3. Nf3 Nf6 4. Nc3 e6 5. Bg5 Nbd7 6. e3 Qa5 7. Nd2 Ne4 8.
Ndxe4 dxe4 9. Bf4 f5 10. Be2 Nf6 11. O-O Be7 12. a3 Qd8 13. b4 Bd6 14. Bxd6
Qxd6 15. Qb3 O-O 16. Rad1 Kh8 17. d5 exd5 18. cxd5 cxd5 19. Nxd5 Nxd5 20. Qxd5
Qxd5 21. Rxd5 Be6 22. Rd6 Rfe8 23. Rfd1 g6 24. Bb5 Re7 25. Rd8+ Rxd8 26. Rxd8+
Kg7 27. Re8 Rxe8 28. Bxe8 Bc4 29. f4 exf3 30. gxf3 g5 31. Kf2 1/2-1/2

[Event "M7 Gruppe 2 "]
[Site "Koge"]
[Date "2005.03.27"]
[Round "6"]
[White "Nielsen, Borge Hjerrild"]
[Black "Andersen, Rune"]
[Result "1-0"]
[WhiteElo "1994"]
[BlackElo "2067"]
[PlyCount "119"]
[EventDate "2005.03.22"]
[EventType "tourn"]
[EventRounds "7"]
[EventCountry "DEN"]

1. d4 d5 2. c4 c6 3. cxd5 cxd5 4. Nc3 Nf6 5. Bf4 a6 6. e3 Nc6 7. Nf3 Qb6 8. a3
e6 9. Bd3 Be7 10. O-O h6 11. Ne5 Nxe5 12. Bxe5 Bd7 13. b4 O-O 14. Na4 Bxa4 15.
Qxa4 a5 16. b5 Nd7 17. Bg3 Bd6 18. Rfc1 Bxg3 19. hxg3 Rfc8 20. Rc2 e5 21. Bf5
Rxc2 22. Qxc2 Qd6 23. Bxd7 Qxd7 24. dxe5 Qxb5 25. Rb1 Qc6 26. Qb2 Rb8 27. Rc1
Qd7 28. Qb6 Qa4 29. Qd6 Re8 30. Qxd5 Qxa3 31. Rc7 Re6 32. Qxb7 Qa1+ 33. Kh2
Rxe5 34. g4 Qa2 35. Qc8+ Kh7 36. f4 Rb5 37. Qd7 Rb8 38. Qxf7 Qxf7 39. Rxf7 Rb1
40. Ra7 Ra1 41. f5 Kg8 42. Kg3 a4 43. Kf4 a3 44. g5 hxg5+ 45. Kxg5 a2 46. Kg6
Kf8 47. Ra8+ Ke7 48. Kxg7 Rf1 49. f6+ Rxf6 50. Rxa2 Rf1 51. g4 Rg1 52. Ra4 Ke6
53. Kg6 Rg3 54. Re4+ Kd5 55. Kf5 Rf3+ 56. Rf4 Rxe3 57. g5 Kd6 58. Kf6 Kd7 59.
g6 Rg3 60. Kf7 1-0

[Event "M7 Gruppe 2 "]
[Site "Koge"]
[Date "2005.03.28"]
[Round "7"]
[White "Andersen, Rune"]
[Black "Nilsson, Lars Kjoller"]
[Result "0-1"]
[WhiteElo "2067"]
[BlackElo "2033"]
[PlyCount "82"]
[EventDate "2005.03.22"]
[EventType "tourn"]
[EventRounds "7"]
[EventCountry "DEN"]

1. d4 Nf6 2. c4 Nc6 3. Nf3 e6 4. a3 g6 5. Nc3 Bg7 6. d5 Ne7 7. e4 d6 8. Be2 e5
9. h3 O-O 10. Be3 a5 11. g4 Nd7 12. b4 f5 13. gxf5 gxf5 14. Bg5 Nf6 15. Nd2 h6
16. Bh4 Ng6 17. Bxf6 Qxf6 18. Qb3 Nf4 19. b5 Ng2+ 20. Kd1 Nf4 21. h4 a4 22.
Nxa4 Nxe2 23. Kxe2 Rxa4 24. Qxa4 fxe4 25. Raf1 Bg4+ 26. Ke1 h5 27. Qc2 Bh6 28.
Nxe4 Qf3 29. Rhg1 Rf4 30. Rxg4+ Rxg4 31. Ng3 Kh8 32. a4 Rd4 33. a5 Bd2+ 34.
Qxd2 Rxd2 35. Kxd2 Qa3 36. Ne4 Qxa5+ 37. Nc3 Qa3 38. f4 Qc5 39. f5 Qd4+ 40. Kc2
Qxc4 41. Rf3 Qg4 0-1

[Event "M7 Gruppe 2 "]
[Site "Koge"]
[Date "2005.03.28"]
[Round "7"]
[White "Jensen, Leif"]
[Black "Nielsen, Borge Hjerrild"]
[Result "1/2-1/2"]
[WhiteElo "2036"]
[BlackElo "1994"]
[PlyCount "56"]
[EventDate "2005.03.22"]
[EventType "tourn"]
[EventRounds "7"]
[EventCountry "DEN"]

1. e4 c6 2. Nf3 d5 3. Nc3 Bg4 4. Be2 Bxf3 5. Bxf3 e6 6. O-O Nf6 7. Qe2 dxe4 8.
Bxe4 Nxe4 9. Nxe4 Nd7 10. d4 Nf6 11. c3 Be7 12. Bg5 Nxe4 13. Bxe7 Nxc3 14. bxc3
Qxe7 15. Rab1 O-O 16. Rb3 Qc7 17. Qe4 b6 18. Re1 c5 19. c4 cxd4 20. Rh3 f5 21.
Qxd4 Qe7 22. Rhe3 Rad8 23. Qe5 Rd6 24. c5 Rc6 25. cxb6 Rxb6 26. Rg3 h6 27. Rf3
Qd6 28. Qe2 Rd8 1/2-1/2